• 首页
  • 本馆介绍
  • 公告通知
  • 最新文献
  • 馆藏检索
  • 电子资源
  • 读者导购
  • 参考咨询
  • 我的图书馆
  • 登录
  • 详细信息显示
  • 放入我的书架
  • 预约/预借图书
  • 作者相关作品
  • 分类相关作品
  • 丛书相关作品
  • 出版社相关作品

书目信息

  • 表格格式
  • 工作单格式
  • 卡片格式
题名:
轿车零部件归类指南
    
 
作者: ;海关眼商品归类系列编委会 编著
分册:  
出版信息: 北京   中国海关出版社  2018
页数: 530页
开本: 29cm
丛书名:
单 册:
中图分类: U469.110.3-62
科图分类:
主题词: 轿车--零部件--进出口商品--分类--指南
电子资源:
ISBN: 978-7-5175-0265-4
000 01071nam0 2200241 450
001 012001002277
005 20131110131455.0
010    @a978-7-5175-0265-4@dCNY200.00
100    @a20181129d2018 em y0chiy50 ea
101 0  @achi
102    @aCN@b110000
105    @aa z 001yy
106    @ar
200 1  @a轿车零部件归类指南@Ajiao che ling bu jian gui lei zhi nan@f“海关眼·商品归类系列”编委会编著
210    @a北京@c中国海关出版社@d2018
215    @a530页@c图@d29cm
300    @a海关眼·商品归类系列
330    @a本书以2018年版《中华人民共和国进出口税则》为依据,分别从商品爆炸图、中英文零件名称、商品编码及商品描述等内容,对发动机、变速箱、底盘、车身、内饰、电器等八部分轿车零部件进行了说明。力求取材新颖,内容介绍由浅入深、循序渐进、图文并茂、形象生动、着重应用,希望能够给大家提供有益借鉴和参考。
606 0  @a轿车@x零部件@x进出口商品@x分类@j指南
690    @aU469.110.3-62@v5
711 02 @a海关眼商品归类系列编委会@Ahai guan yan shang pin gui lei xi lie bian wei hui@4编著
801  0 @aCN@b北京卓展@c20191020
905    @b1205102-3@dU469.110.3-62@e879@f2
    
    轿车零部件归类指南/“海关眼·商品归类系列”编委会编著.-北京:中国海关出版社,2018
    530页:图;29cm
    海关眼·商品归类系列
    
    ISBN 978-7-5175-0265-4:CNY200.00
    本书以2018年版《中华人民共和国进出口税则》为依据,分别从商品爆炸图、中英文零件名称、商品编码及商品描述等内容,对发动机、变速箱、底盘、车身、内饰、电器等八部分轿车零部件进行了说明。力求取材新颖,内容介绍由浅入深、循序渐进、图文并茂、形象生动、着重应用,希望能够给大家提供有益借鉴和参考。
●
相关链接 在E读中查询图书 在五车中查询图书 在当当中查询图书 在豆瓣中查询图书


正题名:轿车零部件归类指南     索取号:U469.110.3-62/879         预约/预借

序号 登录号 条形码 馆藏地/架位号 状态 备注
1 1205102   212051027   第二样本阅览室/ [索取号:U469.110.3-62/879] 在馆    
2 1205103   212051036   第三借阅区/ [索取号:U469.110.3-62/879] 在馆    
唐山师范学院图书馆 欢迎您!
大连网信软件有限公司© 版权所有